Słowa zaczynające się na M, a kończące na A - Statystyki

Ogólne statystyki
  • Ten quiz został rozwiązany 53 razy
  • Średni wynik to 20 z 73
Statystyki odpowiedzi
Odpowiedź % Poprawnych
mama
78%
masa
72%
mapa
67%
mewa
67%
miska
67%
muzyka
63%
mąka
61%
małpa
61%
maska
61%
moda
61%
mata
59%
mucha
54%
meta
43%
mila
43%
malina
41%
mowa
41%
mina
39%
mandarynka
35%
matematyka
35%
morda
35%
mięta
33%
mrówka
33%
myszka
33%
maszyna
30%
miarka
30%
magia
28%
mania
28%
masakra
28%
miotła
28%
modelka
28%
mafia
26%
meduza
26%
męka
26%
moneta
26%
morela
26%
melodia
24%
motyka
24%
msza
24%
muszla
24%
musztarda
24%
maskotka
22%
mumia
22%
matura
20%
metoda
20%
metka
17%
macka
15%
margaryna
15%
marmolada
15%
marynata
15%
miednica
15%
miedza
15%
morderca
15%
maczeta
13%
mandolina
13%
makulatura
11%
marakuja
11%
marynarka
11%
maskara
11%
matryca
11%
mężczyzna
11%
mieszanka
11%
maczuga
9%
medycyna
9%
modlitwa
9%
mikstura
7%
mimika
7%
manifestacja
4%
medytacja
4%
mikrofala
4%
marionetka
2%
mówca
2%
melancholia
0%
motocyklista
0%
Nie znaleziono quizów pasujących do podanych kryteriów
Rozkład punktacji
Procent ludzi z każdym wynikiem
Percentyl według liczby udzielonych odpowiedzi
Twoja historia wyników
Nie rozwiązałeś tego quizu